| 000 | 00397 a2200133 4500 | ||
|---|---|---|---|
| 000 | nam a22 7a 4500 | ||
| 100 | _aSewa Singh Bajwa | ||
| 110 | _aSewa Singh Bajwa | ||
| 245 | _aबदलती युद्ध की प्रवृत्ति और भारत | ||
| 250 | _alatest edition | ||
| 260 |
_b Rudransh Prakashan _c2024 |
||
| 264 |
_b Rudransh Prakashan _c2024 |
||
| 942 | _cBK | ||
| 999 |
_c395361 _d395361 |
||